000 00747nam a2200241 i 4500
003 DO-SdBNP
005 20250303144730.0
007 ta
008 230522t1978 dr |||er|||| 000 fdspa d
040 _aDO-SdBNP
_bspa
_cBNPHU
_erda
082 4 _axxx
_bM313c
_222
100 _aMarcallé Abreu, Roberto,
_eautor
_4aut.
_9862
245 1 0 _aCinco bailadores sobre la tumba caliente del licenciado :
_bnovela /
_cRoberto Marcallé Abreu
264 1 _aSanto Domingo :
_bPublicaciones Ahora,
_c1978.
300 _a175 páginas ;
_c22 cm.
336 _atexto
_btxt
_2rdaconten
337 _asin medición
_bn
_2rdamedia
338 _avolumen
_bnc
_2rdacarrier
590 _aInventariado 2025/BT
710 _972019
910 _aBtavárez
942 _2ddc
_cLBS1
999 _c58277
_d58277